000 00470nam a2200169Ia 4500
999 _c426
_d426
003 OSt
005 20210901112958.0
008 190216s9999||||xx |||||||||||||| ||und||
040 _coclc
082 _a297
_bWAH/S
100 _aWahad, Mohammed Bin Abdil
_98745
245 0 _aSamshaya Nivaranam /
_cMohammed Bin Abdil Wahad
260 _bMujahid Printeri,
_aCalicut:
300 _a64p
650 _aArabic
942 _cBK
_2ddc
_h297
_iWAH/S
_k297
_mWAH/S